000 02574nam0a2200373 4500
001 RU\NLR\BIBL_A\022649549
005 20260126155159.0
021 _aRU
_bКН-П-25-046084
_9КН-П-25-4473
035 _a(NLR Aleph) 022649549
090 _a13538988
_c13538988
100 _a20251021d2025 u y0rusy50 ca
101 0 _arus
102 _aRU
105 _aa j 000zy
181 0 _ai3
_baxxe
182 0 _an
200 1 _aАнализ процессов цифровой трансформации на примере "Сбербанка"
_eучебно-методическое пособие
_fЮ. А. Антохина, А. М. Колесников, К. А. Островская
_gМинистерство науки и высшего образования Российской Федерации, Федеральное государственное автономное образовательное учреждение высшего образования Санкт-Петербургский государственный университет аэрокосмического приборостроения
203 _aТекст
_bвизуальный
_cнепосредственный
210 _aСанкт-Петербург
_cГУАП
_d2025
215 _a72 с.
_cил., табл.
_d21
320 _aБиблиогр.: с. 67-68 (24 назв.)
601 0 2 _aСберегательный банк Российской Федерации
_jУчебно-методические пособия для высших учебных заведений
_92466478
_3RU\NLR\AUTH\661465217
606 1 _aБанки
_jУчебно-методические пособия для высших учебных заведений
_xЦифровизация
_92680599
_3RU\NLR\AUTH\6601761176
686 1 _aУ26(2)216(2Р)я73
686 1 _aУ26(2)210(2Р)в612я73
700 1 _7ca
_8rus
_aАнтохина
_bЮ. А.
_f1976-
_gЮлия Анатольевна
_9240087
_3RU\NLR\AUTH\770240143
701 1 _7ca
_8rus
_aКолесников
_bА. М.
_cд-р экон. наук, упр. качеством продукции
_gАлександр Михайлович
_9190280
_3RU\NLR\AUTH\770190331
701 1 _aОстровская
_bК. А.
_gКсения Алексеевна
712 0 2 _4570
_aСберегательный банк Российской Федерации
_9311174
_3RU\NLR\AUTH\8818962
942 _cBOOK
980 _aNB